=LDR 00000nam 2200000 4500 =001 INLIS000000000057777 =005 20210428100133 =035 ##$$a 0010-0421000055 =007 ta =008 210428################g##########0#ind## =020 ##$$a 979-526-163-0 =082 ##$$a 338.76 =084 ##$$a 338.76 KAR a =100 #$$a Kartasapoetra =245 1#$$a Administrasi perusahaan industri /$c G. Kartasapoetra =250 ##$$a cet. 2 =260 ##$$a Jakarta :$b Bumi Aksara,$c 1992 =300 ##$$a xi, 261 hlm ; $c 22 x 14 cm =600 #4$$a Administrasi swasta =990 ##$$a 20606457 =990 ##$$a 20606458 =990 ##$$a 20606455